TENWEK HOSP HOME | SOC  | ASK A LIBRARIANSTAFF LOGIN  |  DIGITAL REPOSITORYe-BOOK PORTAL  |  OFF-CAMPUS PORTAL  |  DONATE

Three centuries of microbiology, (Record no. 2596)

MARC details
000 -LEADER
fixed length control field 00934nam a2200277 4500
001 - CONTROL NUMBER
control field 781504
003 - CONTROL NUMBER IDENTIFIER
control field Ke-BoTe
005 - DATE AND TIME OF LATEST TRANSACTION
control field 20220513084657.0
008 - FIXED-LENGTH DATA ELEMENTS--GENERAL INFORMATION
fixed length control field 740909r19741965nyu b 001 0 eng
010 ## - LIBRARY OF CONGRESS CONTROL NUMBER
LC control number 73091785
020 ## - INTERNATIONAL STANDARD BOOK NUMBER
International Standard Book Number 048623035X
040 ## - CATALOGING SOURCE
Original cataloging agency DLC
Transcribing agency DLC
Modifying agency DLC
050 00 - LIBRARY OF CONGRESS CALL NUMBER
Classification number QR21
Item number .L4 1974
082 00 - DEWEY DECIMAL CLASSIFICATION NUMBER
Classification number 576/.09
100 1# - MAIN ENTRY--PERSONAL NAME
Personal name Lechevalier, Hubert A.
9 (RLIN) 5243
245 10 - TITLE STATEMENT
Title Three centuries of microbiology,
Statement of responsibility, etc. by Hubert A. Lechevalier and Morris Solotorovsky.
260 ## - PUBLICATION, DISTRIBUTION, ETC.
Place of publication, distribution, etc. New York,
Name of publisher, distributor, etc. Dover Publications
Date of publication, distribution, etc. [1974]
300 ## - PHYSICAL DESCRIPTION
Extent 536 p.
Dimensions 22 cm.
350 ## - PRICE (NR) (BK AM CF MU VM SE) [OBSOLETE]
Price $5.00
504 ## - BIBLIOGRAPHY, ETC. NOTE
Bibliography, etc. note Corrected reprint, with additional bibliographical references, of the 1965 ed. published by McGraw-Hill, New York.
504 ## - BIBLIOGRAPHY, ETC. NOTE
Bibliography, etc. note Includes bibliographies.
650 #0 - SUBJECT ADDED ENTRY--TOPICAL TERM
Topical term or geographic name entry element Microbiology
General subdivision History.
9 (RLIN) 5244
700 1# - ADDED ENTRY--PERSONAL NAME
Personal name Solotorovsky, Morris,
Dates associated with a name 1913-
Relator term joint author.
9 (RLIN) 5245
906 ## - LOCAL DATA ELEMENT F, LDF (RLIN)
a 7
b cbc
c orignew
d 2
e opcn
f 19
g y-gencatlg
942 ## - ADDED ENTRY ELEMENTS (KOHA)
Source of classification or shelving scheme Library of Congress Classification
Koha item type Books
Suppress in OPAC No
Holdings
Withdrawn status Lost status Source of classification or shelving scheme Damaged status Not for loan Collection code Home library Current library Shelving location Date acquired Total Checkouts Full call number Barcode Date last seen Price effective from Koha item type
    Library of Congress Classification     Non-fiction SCHOOL OF HEALTH SCIENCES SCHOOL OF HEALTH SCIENCES General Stacks 13.05.2022   QR21.L4 1974 00002171 13.05.2022 13.05.2022 Books